Statistics for Daily Country Riddle #60

Click here to take the quiz!

General Stats

  • This quiz has been taken 96 times
  • The average score is 13 of 17

Answer Stats

TypeAnswer% Correct
Found LetterA
100%
Found LetterI
95%
Found LetterL
90%
Correctly Placed LetterA
89%
Correctly Placed LetterI
89%
Found LetterN
89%
Found LetterO
89%
Found LetterS
85%
Found LetterE
70%
Correctly Placed LetterN
63%
Correctly Placed LetterS
63%
Correctly Placed LetterE
59%
Correctly Placed LetterL
59%
Correctly Placed LetterO
59%
Mystery CountrySlovenia
59%
Correctly Placed LetterV
59%
Found LetterV
59%

Score Distribution

Percentile by Number Answered

Percent of People with Each Score

Your Score History

You have not taken this quiz